| 000 | 00725nam a22001937a 4500 | ||
|---|---|---|---|
| 999 |
_c165653 _d165653 |
||
| 005 | 20190626120548.0 | ||
| 010 | _aUR-10247 | ||
| 020 |
_c350.00 _a9789388105514 |
||
| 035 | _aU-8802 | ||
| 037 | _bDBAD/PUB | ||
| 082 | _a440.8 | ||
| 100 | _aمر تبہ:محمد فر ہا ن د يو ا ن | ||
| 245 |
_aمطا لعہ ا د ب کی جہتيں _cمر تبہ:محمد فر ہا ن د يو ا ن |
||
| 246 |
_bMutala -e-Adab ki Jihaten (Urdu) _aEd. by Md. Farhan Deewan |
||
| 260 |
_a Delhi _bEducational Publishing House _c2018 ء |
||
| 270 |
_a3191،Vakil Street,Kucha Pandit,Lal Kuan, _bDelhi _e110006 _k23216162 _l00911123211540 |
||
| 300 |
_a291ص _c22 Cm(Hb) |
||
| 942 |
_2ddc _cUR _h440.8 _mم ح م |
||